Sports Quiz

Random Sports or Tennis Quiz

Year End Top 10 Men's Tennis Players of the 1990s? Quiz Stats

 Plays Quiz not verified by Sporcle

Support Sporcle.
Go Orange.
Score 0/100 Timer 10:00
0 Plays Today
% Correct
1990Andre Agassi
99.1%
1991Andre Agassi
99.1%
1992Andre Agassi
99.1%
1994Andre Agassi
99.1%
1995Andre Agassi
99.1%
1996Andre Agassi
99.1%
1998Andre Agassi
99.1%
1999Andre Agassi
99.1%
1990Pete Sampras
98.2%
1991Pete Sampras
98.2%
1992Pete Sampras
98.2%
1993Pete Sampras
98.2%
1994Pete Sampras
98.2%
1995Pete Sampras
98.2%
1996Pete Sampras
98.2%
1997Pete Sampras
98.2%
1998Pete Sampras
98.2%
1999Pete Sampras
98.2%
1990Stefan Edberg
97.3%
1991Stefan Edberg
97.3%
1992Stefan Edberg
97.3%
1993Stefan Edberg
97.3%
1994Stefan Edberg
97.3%
1990Boris Becker
96.5%
1990Ivan Lendl
96.5%
1991Boris Becker
96.5%
1991Ivan Lendl
96.5%
1992Boris Becker
96.5%
1992Ivan Lendl
96.5%
1994Boris Becker
96.5%
1995Boris Becker
96.5%
1996Boris Becker
96.5%
1990Goran Ivanisevic
92.9%
1991Jim Courier
92.9%
% Correct
1992Jim Courier
92.9%
1992Goran Ivanisevic
92.9%
1993Jim Courier
92.9%
1993Goran Ivanisevic
92.9%
1994Goran Ivanisevic
92.9%
1995Yevgeny Kafelnikov
92.9%
1995Jim Courier
92.9%
1995Goran Ivanisevic
92.9%
1996Yevgeny Kafelnikov
92.9%
1996Goran Ivanisevic
92.9%
1997Yevgeny Kafelnikov
92.9%
1999Yegeny Kafelnikov
92.9%
1999Gustavo Kuerten
92.9%
1992Michael Chang
90.3%
1993Michael Chang
90.3%
1994Michael Chang
90.3%
1995Michael Chang
90.3%
1996Michael Chang
90.3%
1997Michael Chang
90.3%
1990Thomas Muster
89.4%
1993Thomas Muster
89.4%
1995Thomas Muster
89.4%
1996Thomas Muster
89.4%
1997Thomas Muster
89.4%
1998Tim Henman
87.6%
1997Marcelo Rios
86.7%
1998Marcelo Rios
86.7%
1999Marcelo Rios
86.7%
1997Pat Rafter
85.8%
1998Pat Rafter
85.8%
1991Michael Stich
85%
1993Michael Stich
85%
1994Michael Stich
85%
1992Richard Krajicek
84.1%
% Correct
1996Richard Krajicek
84.1%
1997Carlos Moya
84.1%
1998Carlos Moya
84.1%
1998Richard Krajicek
84.1%
1999Richard Krajicek
84.1%
1990Andres Gomez
83.2%
1995Thomas Enqvist
82.3%
1996Thomas Enqvist
82.3%
1999Thomas Enqvist
82.3%
1993Sergei Bruguera
81.4%
1994Sergei Bruguera
81.4%
1997Sergei Bruguera
81.4%
1997Greg Rusedski
80.5%
1998Greg Rusedski
80.5%
1998Alex Corretja
78.8%
1995Wayne Ferreira
75.2%
1996Wayne Ferreira
75.2%
1991Petr Korda
73.5%
1992Petr Korda
73.5%
1993Andrei Medvedev
73.5%
1999Todd Martin
73.5%
1994Todd Martin
73.5%
1993Cedric Pioline
72.6%
1991Guy Forget
69.9%
1999Nicolas Kiefer
69.9%
1994Alberto Berasategui
66.4%
1999Nicolas Lapentti
66.4%
1997Jonas Bjorkman
62.8%
1990Brad Gilbert
51.3%
1991Karol Novacek
48.7%
1990Emilio Sanchez
46%
1998Karol Kucera
45.1%

You're not logged in!

Compare scores with friends on all Sporcle quizzes.
OR
Log In

From the Vault

Draw a Pixel Picture XII

by vikZ

We're training a new generation of pixel artists. Bring back 8-bit!
Remove Ads.
Support Sporcle.
Get the best of Sporcle when you Go Orange. This ad-free experience offers more features, more stats, and more fun while also helping to support Sporcle. Thank you for becoming a member.

Show Comments

Extras

Top Quizzes Today


Score Distribution

Your Account Isn't Verified!

In order to create a playlist on Sporcle, you need to verify the email address you used during registration. Go to your Sporcle Settings to finish the process.

Report this User

Report this user for behavior that violates our Community Guidelines.

Details: